Management worldwide : (Record no. 10065)
[ view plain ]
| 000 -LEADER | |
|---|---|
| fixed length control field | 01328nam a2200277 a 4500 |
| 001 - CONTROL NUMBER | |
| control field | 4476022 |
| 003 - CONTROL NUMBER IDENTIFIER | |
| control field | OSt |
| 005 - DATE AND TIME OF LATEST TRANSACTION | |
| control field | 20230919142117.0 |
| 008 - FIXED-LENGTH DATA ELEMENTS--GENERAL INFORMATION | |
| fixed length control field | 960209s1995 enk b 001 0 eng |
| 010 ## - LIBRARY OF CONGRESS CONTROL NUMBER | |
| LC control number | 96113473 |
| 020 ## - INTERNATIONAL STANDARD BOOK NUMBER | |
| International Standard Book Number | 014100603x {2e} |
| 040 ## - CATALOGING SOURCE | |
| Original cataloging agency | WIUC - GH |
| Transcribing agency | WIUC - GH |
| 050 00 - LIBRARY OF CONGRESS CALL NUMBER | |
| Classification number | HD38 |
| Item number | .H498 1995 |
| 100 1# - MAIN ENTRY--PERSONAL NAME | |
| Personal name | Hickson, David John. |
| 9 (RLIN) | 2434 |
| 245 10 - TITLE STATEMENT | |
| Title | Management worldwide : |
| Remainder of title | distinctive styles amid globalization / |
| Statement of responsibility, etc. | David J. Hickson and Derek S. Pugh. |
| 260 ## - PUBLICATION, DISTRIBUTION, ETC. | |
| Place of publication, distribution, etc. | London ; |
| -- | New York : |
| Name of publisher, distributor, etc. | Penguin Books, |
| Date of publication, distribution, etc. | 1995. |
| 300 ## - PHYSICAL DESCRIPTION | |
| Extent | xvi, 331 p. ; |
| Dimensions | 20 cm. |
| Other physical details | ills, index ; |
| 440 #0 - SERIES STATEMENT/ADDED ENTRY--TITLE | |
| Title | Penguin business |
| 9 (RLIN) | 2435 |
| 504 ## - BIBLIOGRAPHY, ETC. NOTE | |
| Bibliography, etc. note | Includes bibliographical references and indexes. |
| 505 ## - FORMATTED CONTENTS NOTE | |
| Formatted contents note | Contents: Managing with wide horizons -- Managing and the cultures of societies -- The anglos across the continents -- The Latins - Southern Europe and South America -- The Northern Europeans, and Israel -- The East-Central Europeans -- the Asians -- The Arabs of the Middle East -- Developing countries -- The cross-cultural manager -- Managing more and more alike? |
| 650 #0 - SUBJECT ADDED ENTRY--TOPICAL TERM | |
| Topical term or geographic name entry element | Management |
| General subdivision | Cross-cultural studies. |
| 9 (RLIN) | 2436 |
| 700 1# - ADDED ENTRY--PERSONAL NAME | |
| Personal name | Pugh, Derek Salman. |
| 9 (RLIN) | 2437 |
| 906 ## - LOCAL DATA ELEMENT F, LDF (RLIN) | |
| a | 7 |
| b | cbc |
| c | orignew |
| d | 2 |
| e | ncip |
| f | 19 |
| g | y-gencatlg |
| 942 ## - ADDED ENTRY ELEMENTS (KOHA) | |
| Source of classification or shelving scheme | Library of Congress Classification |
| Koha item type | Books |
| Withdrawn status | Lost status | Source of classification or shelving scheme | Damaged status | Not for loan | Home library | Current library | Shelving location | Date acquired | Total Checkouts | Full call number | Barcode | Date last seen | Price effective from | Koha item type |
|---|---|---|---|---|---|---|---|---|---|---|---|---|---|---|
| Library of Congress Classification | WISCONSIN INTERNATIONAL UNIVERSITY COLLEGE, GHANA KUMASI LIBRARY | WISCONSIN INTERNATIONAL UNIVERSITY COLLEGE, GHANA KUMASI LIBRARY | General Stacks | 21/03/2023 | HD38.H49 | K/3171/0269/23 | 19/09/2023 | 19/09/2023 | Books |
